| 000 | 01268nam a2200325 i 4500 | ||
|---|---|---|---|
| 003 | EG-GICUC | ||
| 005 | 20260121101409.0 | ||
| 008 | 251130s1951 uk ||||fr|||| 001 0 eng d | ||
| 040 |
_aEG-GiCUC _beng _cEG-GiCUC _dEG-GiCUC _erda |
||
| 041 | _aeng | ||
| 082 | 0 | 4 |
_221 _a341.71 _bS C . P |
| 092 | 0 | 4 | _221 |
| 099 | _aLaw1 11 341.71 S C . P 2 ed - 1951 | ||
| 100 | 1 |
_aSchwarzenberger, Georg, _d1908-1991, _eAuthor. |
|
| 245 | 1 | 0 |
_aPower politics : _ba study of international society / _cGeorg Schwarzenberger. |
| 250 | _aSecond edition | ||
| 264 | 1 |
_aLondod : _bStevens, _c1951 |
|
| 300 |
_axxii, 898 pages : _bfrontispiece, map (on lining-papers) ; _c24 cm |
||
| 336 |
_2rda content _atext |
||
| 337 |
_2rda media _aComputer |
||
| 338 |
_2rda carrier _aOnline Resource |
||
| 490 | 1 |
_aThe Library of world affairs ; _vno. 18. |
|
| 504 | _aGeneral bibliography on the background of international relations, compiled by L. C. Green": pages 817-839. "Specialised bibliography": pages 841-873. | ||
| 650 | 1 | 4 |
_aPolitique internationale _xDroit international public _2qrmak |
| 651 | 1 | _2qrmak | |
| 830 | 0 |
_aThe Library of world affairs ; _vno. 18. |
|
| 856 | 4 | 0 | _uhttps://fll.law.cu.edu.eg/fulltext/bks/B11-05775.pdf |
| 905 |
_a75 _eHassnaa |
||
| 942 |
_2ddc _n0 _cBK _e21 |
||
| 999 |
_c47512 _d47512 |
||